Islamic studies.
| Corporate Authors: | , |
|---|---|
| Format: | Journal |
| Language: | English |
| Published: |
Karachi[, Pakistan] :
Central Institute of Islamic Research,
1962-
Rawalpindi, Pakistan : Islamic Research Institute. Islamabad, Pakistan : |
| Subjects: | |
| Online Availability: |
|
MARC
| Tag | First Indicator | Second Indicator | Subfields |
|---|---|---|---|
| LEADER | 00000cas a2200000 a 4500 | ||
| 001 | in00002787438 | ||
| 005 | 20151202172156.0 | ||
| 006 | m o d | ||
| 007 | cr bn||||||abp | ||
| 007 | cr bn||||||ada | ||
| 008 | 100317c19629999pk qr poo 0 0eng c | ||
| 010 | |a 2011234711 | ||
| 019 | |a 654285886 | ||
| 022 | |l 0578-8072 |y 0578-8072 | ||
| 029 | 1 | |a NZ1 |b 13930056 | |
| 029 | 1 | |a NZ1 |b 13936906 | |
| 035 | |a (OCoLC)ocn557670399 | ||
| 035 | |a (OCoLC)557670399 |z (OCoLC)654285886 | ||
| 040 | |a OCLCE |b eng |c OCLCE |d EYM |d HLS |d CS1 |d HUL |d OCLCQ |d TXA |d UtOrBLW | ||
| 042 | |a dlr |a pcc | ||
| 049 | |a TXAM | ||
| 050 | 4 | |a BP1 |b .I72 Electronic | |
| 082 | 0 | 4 | |a 297/.05 |2 19 |
| 245 | 0 | 0 | |a Islamic studies. |
| 264 | 1 | |3 1962-September 1965: |a Karachi[, Pakistan] : |b Central Institute of Islamic Research, |c 1962- | |
| 264 | 1 | |3 December 1965-June 1967: |a Rawalpindi, Pakistan : |b Islamic Research Institute. | |
| 264 | 1 | |3 September 1967- : |a Islamabad, Pakistan : |b Islamic Research Institute. | |
| 310 | |a Quarterly | ||
| 336 | |a text |b txt |2 rdacontent | ||
| 337 | |a computer |b c |2 rdamedia | ||
| 338 | |a online resource |b cr |2 rdacarrier | ||
| 362 | 1 | |a Began with: Vol. 1, no. 1 (Mar. 1962). | |
| 506 | |3 Use copy |f Restrictions unspecified |5 MiAaHDL |2 star | ||
| 533 | |a Electronic reproduction. |b [S.l.] : |c HathiTrust Digital Library, |d 2010. |5 MiAaHDL | ||
| 550 | |a Journal of the Central Institute of Islamic Research, 1962-Sept. 1965; the Islamic Research Institute, Pakistan, Dec. 1965- | ||
| 583 | 1 | |a digitized |c 2010 |h HathiTrust Digital Library |l committed to preserve |5 MiAaHDL |2 pda | |
| 588 | |a Description based on: Vol. 1, no. 1 (Mar. 1962); title from PDF cover (JSTOR, viewed Oct. 7, 2011). | ||
| 588 | |a Latest issue consulted: Vol. 47, no. 4 (winter 2008) (JSTOR, viewed Oct. 7, 2011). | ||
| 500 | |a Electronic resource. | ||
| 650 | 0 | |a Islam |v Periodicals. | |
| 650 | 1 | 7 | |a Islam. |2 gtt |
| 710 | 2 | |a Central Institute of Islamic Research (Pakistan) | |
| 710 | 2 | |a Islamic Research Institute (Pakistan) | |
| 776 | 0 | 8 | |i Print version: |t Islamic studies |x 0578-8072 |w (DLC)sa 63001336 |w (OCoLC)1753984 |
| 948 | |a cataloged |b h |c 2012/12/21 |d c |e spoltoratski |f 10:42:29 am |g sc | ||
| 994 | |a C0 |b TXA | ||
| 999 | |a MARS | ||
| 999 | f | f | |s c9bb25a4-6661-3d07-b6c3-9b5ecfd99df1 |i 307c51c2-4890-3baa-ae3a-52c401b572ea |t 0 |
| 952 | f | f | |a Texas A&M University |b College Station |c Electronic Resources |d Available Online |t 0 |e BP1 .I72 |g Electronic |h Library of Congress classification |
| 998 | f | f | |a BP1 .I72 |t 0 |l Available Online |